000 00373nam a2200145Ia 4500
008 240624s9999 xx 000 0 und d
041 _aeng
082 _a658 MAS
100 _aMASSIE JOSEPH L
245 _aESSENTIALS OF MANAGEMENT
250 _a(4th ed.)
260 _c2008
_aNew Delhi
_bPrentice-Hall of India
300 _axvi, : 301 : p. : cm. ; 24
365 _cRS
_b36
999 _c10172
_d10172